• AIU
  • Tony Wilmot Memorial Library

The murle language and vocabulary (Record no. 64222)

MARC details
000 -LEADER
fixed length control field 00299nam a2200121 4500
082 0# - DEWEY DECIMAL CLASSIFICATION NUMBER
Classification number 405
100 1# - MAIN ENTRY--PERSONAL NAME
Personal name Lyth, R. E.
245 10 - TITLE STATEMENT
Title The murle language and vocabulary
Statement of responsibility, etc R. E. Lyth
260 ## - PUBLICATION, DISTRIBUTION, ETC. (IMPRINT)
Place of publication, distribution, etc Khartoum
Date of publication, distribution, etc c.1971
300 ## - PHYSICAL DESCRIPTION
Extent 3 sections
700 1# - ADDED ENTRY--PERSONAL NAME
Personal name The murle language and vocabulary
942 ## - ADDED ENTRY ELEMENTS (KOHA)
Source of classification or shelving scheme
Koha item type Books

No items available.